Statistieken voor Europese Steden Kaart Quiz

Klik hier om de quiz te nemen!

Algemene statistieken

  • Deze quiz is 5.665 keer genomen
  • De gemiddelde score is 28 van 36

Antwoorden op de kaart

Antwoorden kleurgecodeerd door een groen-rode schaal op de quizkaart volgens % correct hieronder.
 

Antwoordstatistieken

Antwoord% Correct
Amsterdam
91%
Londen
90%
Lissabon
89%
Brussel
88%
Parijs
88%
Barcelona
86%
Dublin
86%
Athene
85%
Madrid
85%
Reykjavik
85%
Berlijn
83%
Manchester
81%
Moskou
81%
Kopenhagen
80%
Marseille
80%
Rome
80%
Helsinki
79%
Kiev
79%
Milaan
79%
München
78%
Edinburgh
77%
Oslo
77%
Warschau
77%
Düsseldorf
76%
Praag
76%
Stockholm
75%
St. Petersburg
75%
Wenen
75%
Genève
74%
Napels
72%
Sevilla
72%
Boedapest
67%
Sarajevo
66%
Palermo
65%
Boekarest
60%
Belgrado
55%

Scoreverdeling

Percentiel versus Aantal Correcte Antwoorden

Procent van Mensen met Elke Score

Uw Scoregeschiedenis

U heeft deze quiz nog niet genomen